000 00398nam a22001577a 4500
020 _a0-00-675299-3
082 _a823
_bSTO/T
100 _aSTOCKER, LES
245 _aST.TIGGYSINKLES WILFLIFE HOSPITAL
_bSHORT STORY
246 _aST.TIGGYSINKLES WILFLIFE HOSPITAL
_bSHORT STORY
260 _aBRITAIN
_bCOLLINS
_c1998
300 _a95
520 _aSHORT STORY
650 _aSHORT STORY
942 _cBK
999 _c1817
_d1817